[Event "Vienna IM February 2022"]
[Site "Vienna"]
[Date "2022.02.07"]
[Round "4.4"]
[White "Peyrer, Konstantin"]
[Black "Leisch, Lukas"]
[Result "1/2-1/2"]
[WhiteElo "2301"]
[BlackElo "2403"]
[Annotator "TA"]
[PlyCount "25"]
[EventDate "2022.02.06"]
[EventType "tourn"]
[EventCountry "AUT"]
[SourceTitle "playchess.com"]
[Source "ChessBase"]
[SourceQuality "1"]

{[%evp 13,25,17,7,4,7,3,12,11,10,3,44,20,20,2]} 1. d4 Nf6 2. Nf3 d5 3. g3 c5 4. Bg2 cxd4 5. O-O e6 {[%cal Be7e6,Be6e5][%mdl 32]} 6. Nxd4 e5 7. Nb3 Be6 8. c4 {Hoping for Nc3. D02: 1 d4 d5 2 Nf3 sidelines, including 2...Nf6 3 g3 and 2...Nf6 3 Bf4.} Nc6 (8... dxc4 $2 9. Qxd8+ Kxd8 {[#]} 10. Bxb7 $1 $18 (10. Na5 Nc6 $16)) 9. cxd5 Bxd5 10. Nc3 {[%cal Rc3d5]} Bxg2 11. Kxg2 Be7 {[#]} (11... h6 $11 {should be considered.}) 12. Be3 $146 ({Predecessor:} 12. Qxd8+ Rxd8 13. Bg5 Nd5 14. Nxd5 Rxd5 15. e4 Rb5 16. Be3 a5 17. Rfc1 O-O 18. Rc4 {½-½ (35) Toma,R (2343)-Jarmula,L (2466) Khanty-Mansiysk 2016}) 12... O-O 13. Rc1 {A rather calm draw.  Weighted Error Value: White=0.08 (flawless) /Black=0.06 (flawless)} 1/2-1/2

[Event "Vienna IM February 2022"]
[Site "Vienna"]
[Date "2022.02.07"]
[Round "4.5"]
[White "Yankelevich, Lev"]
[Black "Cu Hor, Winston Darwin"]
[Result "1-0"]
[WhiteElo "2444"]
[BlackElo "2337"]
[Annotator "TA"]
[PlyCount "81"]
[EventDate "2022.02.06"]
[EventType "tourn"]
[EventCountry "AUT"]
[SourceTitle "playchess.com"]
[Source "ChessBase"]
[SourceQuality "1"]

{[%evp 15,81,44,55,48,54,57,75,7,30,22,20,28,36,39,42,13,38,47,61,61,62,62,79,79,84,79,139,115,185,183,183,183,184,183,183,183,183,183,183,183,183,183,927,990,921,875,2200,2271,5838,5655,5302,5057,2418,2300,1310,642,29974,29975,29975,29976,29976,29977,29980,29981,29980,29981,29981,29982]} 1. d4 Nf6 2. c4 e6 3. Nf3 d5 4. g3 Bb4+ 5. Bd2 Bxd2+ 6. Nbxd2 O-O 7. Bg2 c6 8. O-O Nbd7 {8...b6 is the hot move.} 9. Qc2 {E11: Bogo-Indian.} b6 10. e4 Bb7 {[#]} 11. h4 $146 (11. e5 $16 Ne8 12. b4) ({Predecessor:} 11. e5 Ne8 12. c5 bxc5 13. dxc5 a5 14. Rfe1 Nc7 15. Bf1 Ba6 16. Nd4 Nb8 17. f4 Bxf1 18. Rxf1 {½-½ (23) Meier,G (2619)-Margvelashvili,G (2555) Lubbock 2013}) 11... Nxe4 12. Nxe4 dxe4 13. Qxe4 Qc7 14. Ne5 {[%cal Re5c6]} Nxe5 15. dxe5 Rad8 16. Rfd1 Ba8 17. Qe3 {White is more active.} Rxd1+ 18. Rxd1 Rd8 {Black is now going downhill.} 19. Rxd8+ Qxd8 20. b4 {Prevents c5.} a6 (20... c5 $142) 21. Be4 $40 {[%mdl 128] Black is in trouble.} b5 (21... h6 $16 {was necessary.}) 22. Qa7 $18 bxc4 23. Qxa6 c3 {[%cal Oc6c5]} 24. Qd3 Qxd3 25. Bxd3 {[%mdl 4096] [#] Endgame Hoping for f4. KB-KB} c5 26. bxc5 {Black must now prevent f4.} Bd5 27. f4 Kf8 28. Kf2 (28. Bxh7 g6 29. Kf2 c2 30. Bxg6 fxg6 31. c6 c1=Q 32. c7 Qxc7 33. f5 gxf5 34. Ke2 Qc3 35. h5 Bc4+ 36. Kf2 Qd2+ 37. Kg1 Qe2 38. a4 Bd5 39. h6 Qg2#) 28... f5 $2 {[#]} (28... Bxa2 29. Bc2 (29. Bxh7 g6 $11) 29... Ke7) 29. exf6 gxf6 30. Ke3 e5 31. fxe5 fxe5 32. Bxh7 e4 33. Bf5 Kg7 34. h5 Kh6 35. Bd7 (35. Bg4 $142 Kg5 36. Bd1 Bxa2 37. c6) 35... Bxa2 36. c6 {White mates.} c2 37. Kd2 Bb3 38. Bg4 ({And not} 38. c7 e3+ 39. Kd3 (39. Kc1 $2 e2 $19) 39... c1=Q $11) 38... e3+ 39. Kc1 Be6 40. Be2 ({But not} 40. Bxe6 $2 e2 41. Kxc2 e1=Q $19) 40... Bf5 41. g4 {Weighted Error Value: White=0.25 (precise) /Black=0.32} 1-0

[Event "Vienna IM February 2022"]
[Site "Vienna"]
[Date "2022.02.08"]
[Round "5.1"]
[White "Cu Hor, Winston Darwin"]
[Black "Borrmann, Laurenz"]
[Result "1/2-1/2"]
[WhiteElo "2337"]
[BlackElo "2232"]
[Annotator "TA"]
[PlyCount "55"]
[EventDate "2022.02.06"]
[EventType "tourn"]
[EventCountry "AUT"]
[SourceTitle "playchess.com"]
[Source "ChessBase"]
[SourceQuality "1"]

{[%evp 9,55,-16,1,-18,0,0,0,-27,100,25,24,16,27,31,35,36,66,44,89,86,143,71,80,25,36,-49,80,75,75,74,85,10,13,0,0,0,0,0,0,0,0,0,0,0,0,0,0,0]} 1. Nf3 d5 2. c4 d4 3. g3 Nc6 4. Bg2 e5 5. d3 Bc5 6. O-O {[%cal Ob2b4] A09: Réti Opening: 1 Nf3 d5 2 c4.} Nge7 7. Nbd2 a5 8. a3 {[%cal Ba2a3,Ba3a4][%mdl 32] [#]} a4 $146 (8... Ng6 $11) ({Predecessor:} 8... O-O 9. Ne4 Ba7 10. Rb1 f6 11. Re1 Be6 {½-½ (11) Ali Khamis,A-Samadi,A Dubai 2003}) 9. b4 (9. Ne4 $16 Bb6 10. c5) 9... axb3 $1 $11 10. Nxb3 Ba7 11. a4 O-O 12. a5 {[%cal Oa5a6]} Bf5 13. Ba3 {[%cal Oa5a6]} Qd7 (13... Bd7 $14) 14. a6 $16 bxa6 (14... b6 $142) 15. Na5 Nxa5 16. Bxe7 ({White should play} 16. Nxe5 $16 Qe6 17. Bxe7 Qxe5 18. Bb4) 16... Qxe7 $11 17. Nh4 ({White should try} 17. Rxa5 $14 Rae8 18. Rxe5) 17... Rab8 18. Nxf5 $16 Qc5 19. Qd2 {[%mdl 1024] White has strong compensation.} Bb6 {[#]} 20. Qg5 {White is much more active.} (20. Nxg7 $1 $16 {Strongly threatening Nf5.} Kxg7 21. Qg5+ Kh8 22. Qf6+ Kg8 23. Qg5+ Kh8 24. Qf6+ Kg8 25. Qg5+ Kh8) 20... g6 $11 {The position is equal.} 21. Bd5 c6 $1 {And now ...Bd8 would win.} 22. Ne7+ {[%mdl 64] Discovered Attack} Kg7 23. Nf5+ ({But not} 23. Qxe5+ $2 f6 24. Qe6 Rbe8 $19) 23... Kg8 {Hoping for ...Bd8.} 24. Rxa5 Bxa5 25. Nh6+ {[%mdl 64] [#] Discovered Attack} Kg7 26. Nf5+ $1 Kg8 {White must now prevent ...Bd8.} 27. Ne7+ {[%mdl 64] Discovered Attack} Kg7 {aiming for ...f6.} 28. Nf5+ {Weighted Error Value: White=0.25 (precise) /Black=0.28 (precise)} 1/2-1/2

[Event "Vienna IM February 2022"]
[Site "Vienna"]
[Date "2022.02.08"]
[Round "5.2"]
[White "Leisch, Lukas"]
[Black "Yankelevich, Lev"]
[Result "1/2-1/2"]
[WhiteElo "2403"]
[BlackElo "2444"]
[Annotator "TA"]
[PlyCount "39"]
[EventDate "2022.02.06"]
[EventType "tourn"]
[EventCountry "AUT"]
[SourceTitle "playchess.com"]
[Source "ChessBase"]
[SourceQuality "1"]

{[%evp 12,39,35,33,47,35,28,0,13,11,7,5,39,0,60,20,97,87,106,72,72,72,72,70,70,66,76,0,0,0]} 1. c4 g6 2. d4 Nf6 3. g3 Bg7 4. Bg2 O-O 5. Nc3 d6 6. Nf3 c6 7. e4 Be6 {E62: King's Indian: Fianchetto: 6...c6 and Panno Variation (6...Nc6) without ...a6.} 8. Qe2 Bg4 9. h3 (9. Be3 {seems wilder.} e5 10. Rd1 exd4 11. Bxd4 Qe7 12. h3) 9... Bxf3 10. Bxf3 Nfd7 11. Be3 {[#]} Qb6 $146 ({Predecessor:} 11... c5 12. d5 Ne5 13. Bg2 Qb6 14. Rd1 Qb4 15. Bf1 b5 16. cxb5 c4 17. Qc2 Nf3+ {1-0 (64) Keymer,V (2630)-Xiong,J (2700) Riga 2021}) 12. O-O-O Qb4 (12... Qa5 $1 $11) 13. Qd3 (13. a3 $5 {[%cal Ra3b4]} Qb3 14. Qc2 Qxc4 15. Be2 $16) 13... e5 (13... Qa5 $11 {remains equal.}) 14. a3 Qb3 15. d5 Nc5 16. Bxc5 dxc5 17. h4 cxd5 18. cxd5 Nd7 19. Qb5 (19. Be2 $16) 19... Qxb5 $11 20. Nxb5 {Weighted Error Value: White=0.20 (precise) /Black=0.23 (precise)} 1/2-1/2

[Event "Vienna IM February 2022"]
[Site "Vienna"]
[Date "2022.02.08"]
[Round "5.3"]
[White "Baidetskyi, Valentin"]
[Black "Peyrer, Konstantin"]
[Result "1-0"]
[WhiteElo "2427"]
[BlackElo "2301"]
[Annotator "TA"]
[PlyCount "91"]
[EventDate "2022.02.06"]
[EventType "tourn"]
[EventCountry "AUT"]
[SourceTitle "playchess.com"]
[Source "ChessBase"]
[SourceQuality "1"]

{[%evp 19,91,37,22,0,44,32,38,23,30,27,32,0,14,0,37,38,67,60,77,27,23,27,51,47,60,64,100,105,103,93,95,98,108,66,90,19,25,24,56,0,154,149,135,142,374,365,415,390,465,456,431,440,340,124,111,0,71,64,64,63,62,62,62,65,130,120,1510,1429,5275,2839,3208,3145,4133,4134]} 1. Nf3 Nf6 2. g3 g6 3. Bg2 Bg7 4. O-O O-O 5. c4 c5 6. Nc3 Nc6 7. d4 cxd4 8. Nxd4 d6 9. Nc2 Be6 10. b3 Rc8 11. e4 {A38: Symmetrical English vs ...g6: 4 Bg2 Bg7 5 Nf3 Nf6.} a6 {[#]} (11... Nd7 $11 12. Bb2 Qa5) 12. a4 $146 ({Predecessor:} 12. Bd2 Qd7 13. Nd5 Bxd5 14. exd5 Ne5 15. a4 b5 16. cxb5 axb5 17. a5 Nd3 18. Nb4 Nxb4 19. Bxb4 {1-0 (41) Enchev,I (2456)-Jansen,G (2152) Heraklion 2016}) 12... Nd7 13. Bd2 {White is slightly better.} Nc5 14. Rb1 f5 15. Re1 f4 16. Nd5 fxg3 (16... f3 $5 17. Bxf3 Ne5 $11) 17. hxg3 Qe8 18. f4 Bf7 19. Bc3 (19. Be3 $16) 19... Bxc3 $11 20. Nxc3 Qd8 21. b4 {[%cal Bb3b4,Bb4b5][%mdl 32]} Nd7 22. Ne3 a5 23. b5 Nb4 24. Bh3 {[%cal Oe4e5]} e6 (24... Bxc4 $2 25. Nxc4 Rxc4 26. Be6+ Kh8 27. Bxc4 $18) 25. Qxd6 Nb6 26. Qxd8 {White is more active.} ({White should try} 26. e5 $1 $16) 26... Rfxd8 $14 27. Bf1 (27. Red1 $16) 27... Nd3 $11 28. Red1 $36 {[%cal Be1d1,Bd1d2,Bd2c2][%mdl 2080] White has some pressure.} Nxc4 29. Ng4 (29. Nxc4 $14 Rxc4 30. Rbc1 $1) 29... Ncb2 $2 {[#]} (29... Nb6 $1 $11) 30. Rd2 $1 $16 Rxc3 31. Rbxb2 {[%mdl 64] Hoping for Ne5. Pin} Rd4 $2 {[#]} (31... Kf8 $16) 32. Rbc2 $1 $18 Rxc2 33. Rxc2 h5 34. Nh6+ Kg7 35. Nxf7 Kxf7 {[%mdl 4096] Endgame KRB-KRN} 36. e5 $2 ({Not} 36. Rc7+ Kf8 $16) (36. b6 $18) 36... g5 $16 37. Be2 ({But not} 37. fxg5 $6 Kg6 $11) (37. b6 $16) 37... Nb4 (37... Kg6 $1 $11) 38. Bxh5+ Kg7 39. Rc7+ Kh6 40. Bf3 ({Don't blunder} 40. Rxb7 $2 Kxh5 41. Rb6 Kg4 42. fxg5 Kxg3 $19) 40... gxf4 41. gxf4 {[%cal Bg3f4,Bf4f5,Bf5e6,Be6e7][%mdl 32]} b6 {[#]} ({Better is} 41... Nd3 $1 $14) 42. f5 $1 Rd8 $2 {[%mdl 8192]} (42... Rf4 $16) 43. fxe6 $18 {e7 is the strong threat. White is clearly winning.} Re8 44. e7 Kg6 45. Rb7 {Black must now prevent Bc6.} Rg8 46. Kf1 {Weighted Error Value: White=0.23 (precise) /Black=0.35} 1-0

[Event "Vienna IM February 2022"]
[Site "Vienna"]
[Date "2022.02.08"]
[Round "5.4"]
[White "Kruckenhauser, Arthur"]
[Black "Finek, Vaclav"]
[Result "1/2-1/2"]
[WhiteElo "2278"]
[BlackElo "2419"]
[Annotator "TA"]
[PlyCount "88"]
[EventDate "2022.02.06"]
[EventType "tourn"]
[EventCountry "AUT"]
[SourceTitle "playchess.com"]
[Source "ChessBase"]
[SourceQuality "1"]

{[%evp 11,88,11,18,26,34,31,55,15,41,9,31,36,29,42,45,35,39,-10,-6,-39,-60,-56,-16,-95,-17,2,0,-28,0,0,0,0,0,0,-5,-72,-60,-217,-223,-190,-37,-61,0,-67,0,-87,-78,-75,0,0,0,0,0,0,38,5,7,4,6,0,10,19,66,54,122,66,104,101,105,104,82,65,72,56,127,129,147,69,75]} 1. e4 c5 2. Nf3 e6 3. d4 cxd4 4. Nxd4 Nc6 5. Nc3 Qc7 6. Be3 a6 7. Qf3 {7.g4 gains popularity. B48: Sicilian: Taimanov: 5 Nc3 Qc7 6 Be3 a6 without Be2.} Ne5 8. Qg3 h5 9. f4 (9. Bf4 $5 {[%cal Rf4e5]} d6 10. Nf3 $14) 9... h4 10. Qh3 Nc4 (10... Ng6 $5 {[%cal Rg6f4]}) 11. Bxc4 Qxc4 12. O-O-O b5 $1 {[%cal Bb7b5,Bb5b4][%mdl 32]} 13. Kb1 Bb7 14. Nb3 (14. Rhe1 $14 {deserves consideration.}) 14... b4 $11 15. Rd4 {[#]} Qc7 $146 ({Predecessor:} 15... Qc6 16. Ne2 a5 17. Rhd1 a4 18. Nbc1 Nf6 19. e5 Nd5 20. Rxd5 exd5 21. Nd4 Qa6 {½-½ (54) Zheng,M (2050)-Nguyen,D (2406) Chess.com INT 2020}) 16. Nd1 Rc8 {[%cal Ob7e4]} 17. Nf2 (17. c4 $11) 17... Nf6 (17... Qxc2+ $17 18. Ka1 Qe2) 18. Rc1 a5 $1 {[%cal Ba6a5,Ba5a4][%mdl 32]} 19. g4 {[%cal Bg2g4,Bg4g5][%mdl 32]} a4 $36 {[%mdl 2048] Black has some pressure.} (19... hxg3 $5 {[%cal Rh8h3]} 20. Qxh8 gxf2 21. Bxf2 Bxe4 $11) 20. Nd2 d5 {White should prevent ...Bc5.} 21. g5 Nxe4 22. Nfxe4 dxe4 23. Nxe4 (23. f5 $11 {keeps the balance.} e5 24. Rc4) 23... a3 $1 $17 24. Bd2 $2 (24. g6 $15 f5 25. Ng5 axb2 26. Kxb2) 24... axb2 $19 25. Kxb2 {[%cal Og5g6]} Qb6 $2 (25... e5 26. fxe5 Bxe4 27. Rxe4 $18) ({Black should play} 25... Bd5 $1 $19 {And now ...Ra8 would win.} 26. Qd3 Bc4 27. Nd6+ Bxd6 28. Rxc4 Qxc4 29. Qxd6 Rc6 30. Qxb4 Kd7) 26. Qd3 $1 $15 {[%cal Og5g6]} Bxe4 ({But not} 26... Rc3 27. Bxc3 bxc3+ 28. Kxc3 $14) ({Black should try} 26... Bd5 $15 27. Re1 (27. Rxd5 exd5 28. Qxd5 Be7 $17) 27... Be7) 27. Qxe4 (27. Rxe4 $11 g6 28. Be3) 27... g6 (27... Bc5 $15 28. Rd3 g6) 28. Kb1 {Active counter play!} (28. Qe5 $11 Rh7 29. Kb1) 28... Bg7 $1 $17 29. Rxb4 Qd8 ({Better is} 29... Qf2 $17 30. Be3 Qxh2) 30. Qd3 $11 O-O $1 31. Qxd8 Rfxd8 32. Be1 h3 33. Rb3 Rd4 34. Rxh3 Rxf4 35. Rd3 Rf5 36. h4 Rc4 (36... Rf4 $11) 37. Rb3 Rd5 (37... Kf8 $14) 38. a3 (38. Rb8+ $16 Kh7 39. Rb4) 38... Be5 {[#]} 39. Rb4 $1 Rc8 40. a4 Bd6 41. Re4 Ba3 {White must now prevent ...Rb8+.} 42. c4 Bxc1 (42... Rf5 $14) 43. cxd5 $16 exd5 {[#]} 44. Re2 (44. Re7 $1 $16) 44... Bf4 {Weighted Error Value: White=0.32/Black=0.22 (precise)} 1/2-1/2

[Event "Vienna IM February 2022"]
[Site "Vienna"]
[Date "2022.02.08"]
[Round "5.5"]
[White "Morgunov, Marc"]
[Black "Savanovic, Aleksandar"]
[Result "1/2-1/2"]
[WhiteElo "2377"]
[BlackElo "2391"]
[Annotator "TA"]
[PlyCount "42"]
[EventDate "2022.02.06"]
[EventType "tourn"]
[EventCountry "AUT"]
[SourceTitle "playchess.com"]
[Source "ChessBase"]
[SourceQuality "1"]

{[%evp 24,42,35,33,34,1,0,0,0,-7,21,17,34,18,18,0,0,0,0,0,0]} 1. e4 {ChessBase II} e5 2. Nf3 Nc6 3. Bb5 {[%cal Bf1b5,Bb5a4,Ba4b3][%mdl 32]} a6 4. Ba4 Nf6 5. O-O Nxe4 6. d4 b5 7. Bb3 d5 8. dxe5 Be6 9. Nbd2 {[%cal Bb1d2,Bd2b3,Bb3a5][%mdl 32]} Nc5 10. c3 Nxb3 11. Nxb3 Be7 12. Nfd4 Nxd4 13. cxd4 a5 {[#] C80: Open Ruy Lopez: Sidelines and 9 Nbd2.} 14. a4 $146 ({Predecessor:} 14. Be3 a4 15. Nc1 O-O 16. Nd3 Bf5 17. Rc1 Ra6 18. Qd2 Qd7 19. f3 h6 20. Nc5 Bxc5 21. Rxc5 {½-½ (83) Mekhitarian,K (2559)-Milos,G (2589) Caxias do Sul 2016 EXT 2018 [ChessBase II]}) 14... Qd7 15. Bd2 O-O 16. Nxa5 b4 17. Nb3 Rxa4 18. Rxa4 Qxa4 {The position is equal.} 19. Nc5 Qxd1 20. Rxd1 Bxc5 21. dxc5 b3 {Not much happened in this game.  Weighted Error Value: White=0.10 (very precise) /Black=0.04 (flawless)} 1/2-1/2

[Event "Vienna IM February 2022"]
[Site "Vienna"]
[Date "2022.02.10"]
[Round "6.1"]
[White "Borrmann, Laurenz"]
[Black "Savanovic, Aleksandar"]
[Result "0-1"]
[WhiteElo "2232"]
[BlackElo "2391"]
[Annotator "TA"]
[PlyCount "78"]
[EventDate "2022.02.06"]
[EventType "tourn"]
[EventCountry "AUT"]
[SourceTitle "playchess.com"]
[Source "ChessBase"]
[SourceQuality "1"]

{[%evp 15,78,33,47,43,47,37,37,27,32,27,33,27,41,42,41,34,40,27,41,46,49,0,-2,0,0,-15,-11,-17,-15,-22,-22,-22,-22,-22,-14,-20,-21,-21,-21,-31,-27,-42,-44,-50,-42,-62,-37,-36,-10,-10,-10,-12,-12,-11,-10,-10,-11,-11,-18,-25,-11,-18,-27,-29977,-29978]} 1. e4 {Atalik,S} e5 2. Nf3 Nc6 3. Bb5 a6 4. Ba4 Nf6 5. O-O Be7 6. Re1 d6 7. c3 Bg4 8. d3 Nd7 9. Nbd2 {9.Nbd2 was played by the boomers. C87: Closed Ruy Lopez: Steinitz-type lines after 6 Re1 d6.} Nc5 10. Bc2 Ne6 11. Nf1 {White is slightly better. was the old line (11.h3).} Ng5 12. Bxg5 Bxg5 13. h3 Bxf3 14. Qxf3 O-O 15. Rad1 g6 {[#]} 16. a3 $146 ({Predecessor:} 16. Ne3 Kg7 17. a3 Qf6 18. Qe2 Bxe3 19. Qxe3 Nd8 20. g3 Qe6 21. Kg2 f6 22. d4 {0-1 (67) Kotronias,V (2578)-Atalik,S (2551) Chalkidiki 2002 CBM 089 [Atalik,S]}) 16... h5 17. d4 Kg7 18. dxe5 (18. Qe2 $14) 18... Nxe5 $11 19. Qe2 Qf6 20. Ne3 c6 {Inhibits Nd5.} 21. Nc4 Rad8 22. Rf1 h4 23. Nxe5 dxe5 24. a4 a5 25. Rxd8 Rxd8 26. Rd1 {To avoid Rd2} Rxd1+ 27. Qxd1 Qf4 28. b3 Be7 29. Bd3 Bc5 30. Qc2 Kh6 {Black is more active.} 31. Qb2 Kg5 32. b4 axb4 33. cxb4 Bd4 34. Qc2 f5 35. b5 cxb5 36. axb5 fxe4 37. Bxe4 {[#]} Bxf2+ $1 38. Qxf2 Qxe4 39. Qf7 $2 {[%mdl 8192]} (39. Qd2+ $11 Kf5 40. Qf2+ Kg5 41. Qd2+ Kf6 42. Qd6+ Kf5 43. Kh2) 39... Qe3+ {Weighted Error Value: White=0.34/Black=0.04 (flawless)} 0-1

[Event "Vienna IM February 2022"]
[Site "Vienna"]
[Date "2022.02.10"]
[Round "6.2"]
[White "Finek, Vaclav"]
[Black "Morgunov, Marc"]
[Result "1/2-1/2"]
[WhiteElo "2419"]
[BlackElo "2377"]
[Annotator "TA"]
[PlyCount "108"]
[EventDate "2022.02.06"]
[EventType "tourn"]
[EventCountry "AUT"]
[SourceTitle "playchess.com"]
[Source "ChessBase"]
[SourceQuality "1"]

{[%evp 15,108,48,37,16,14,18,20,18,24,10,14,4,0,0,25,0,0,0,12,1,8,-13,43,-39,24,-6,95,110,98,93,93,93,93,93,93,80,77,86,67,64,115,80,85,62,62,104,84,0,0,0,0,0,0,0,0,0,47,38,72,0,0,0,38,42,132,124,148,156,493,199,198,8,8,8,5879,5515,5225,5218,4902,1711,1270,0,0,0,2612,-59,-56,-56,-58,-68,-77,-75,-28,-37,-29]} 1. Nf3 Nf6 2. d4 g6 3. c4 Bg7 4. g3 O-O 5. Bg2 d6 6. Nc3 Nc6 7. O-O e5 8. d5 Nb8 {is the new trend.} 9. c5 {E62: King's Indian: Fianchetto: 6...c6 and Panno Variation (6...Nc6) without ...a6.} Na6 10. cxd6 cxd6 11. Nd2 {The position is equal.} Bd7 12. a4 Rc8 13. Nb3 Ne8 14. Be3 Ra8 15. Nb5 b6 {[#]} 16. Nd2 $146 ({Predecessor:} 16. Nc3 f5 17. a5 b5 18. Qd3 Qb8 19. Rfc1 Nf6 20. h3 Rc8 21. Qd2 b4 22. Na2 {0-1 (40) Kuzubov,Y (2643)-Onischuk,V (2633) Chess.com INT 2020}) 16... f5 17. Nc4 Qe7 18. Bd2 h5 ({Better is} 18... Nc5 $11) 19. b4 (19. e4 $1 $14) 19... h4 (19... e4 $1 $15) 20. Ra3 g5 (20... Rc8 21. Qc1 Ra8 22. Bg5 $14) (20... Bxb5 $11 {keeps the balance.} 21. axb5 Nac7) 21. gxh4 $16 gxh4 22. Kh1 Nac7 23. Nxc7 {White is much more active.} Nxc7 24. Rg1 Ne8 25. Bh3 Rc8 {[#]} 26. Bg5 $1 Qf7 27. Ne3 Qh5 (27... Rc7 $14) 28. f3 (28. Be7 $6 Rf7 29. Bg5 (29. Rg5 $2 Qh6 $19) 29... Kh8 $11) 28... Kh8 29. Qe1 Bf6 30. Bxf6+ Nxf6 31. Ra1 ({White should try} 31. Rc3 $16) 31... Rg8 $11 32. Rd1 Rxg1+ 33. Qxg1 Rg8 34. Qf1 Qg5 35. Nc4 Bxa4 (35... Ne8 $11) 36. Nxd6 $14 Qf4 37. Re1 (37. Ra1 $16 e4 38. Nf7+ (38. Rxa4 Qxd6 39. Rxa7 exf3 $14) (38. Nxf5 Bb3 $14) 38... Kg7 39. Rxa4 Kxf7 40. Rxa7+ Kg6 41. Ra1) 37... e4 38. Nxf5 Bd7 39. Ne7 Rg7 (39... Rg5 $14) 40. Bxd7 $16 {[%cal Od5d6] And now d6! would win.} Nxd7 41. d6 (41. Nc6 $6 Nf6 $14) 41... Ne5 $2 (41... Rg5 $16) 42. Qh3 (42. Rd1 $142) 42... exf3 $18 43. exf3 (43. Qc8+ $1 $18 Kh7 44. Qc2+ Ng6 45. Qd3 Qxb4 46. Rf1 Rxe7 47. dxe7 Qxe7 48. Rxf3) 43... Nd3 $11 {[%cal Rd3f2]} 44. Rf1 {Prevents Nf2+. aiming for d7.} Qd4 $2 {[%mdl 8192]} (44... Qxd6 $2 45. Nf5 Qe6 46. Qxh4+ Kg8 47. Nh6+ Kh7 48. Ng4+ Kg6 49. Rd1 $18) (44... Qg5 $11 45. Qc8+ Kh7 46. Qf5+ (46. Qc2 Qe3 $11) 46... Qxf5 47. Nxf5 Rd7) 45. Qc8+ $18 Kh7 46. Qf5+ Kh6 {[#]} 47. Qe6+ $1 Kh5 48. Qf5+ (48. Qe2 $142 h3 49. f4+ (49. Nf5 $2 Rg1+ 50. Rxg1 Nf2+ 51. Qxf2 Qxf2 $19) 49... Rg4 50. Qf3 Nxf4 51. Nf5) 48... Kh6 {[%cal Od4g1]} 49. Qe6+ $1 Kh5 $1 {[%cal Od4g1] [#] ( -> ...Qg1+!)} 50. Qd5+ $2 (50. Qe2 $1 $18 h3 51. f4+ (51. Nf5 $2 Rg1+ 52. Rxg1 Nf2+ 53. Qxf2 Qxf2 $19) 51... Rg4 52. Qf3 Nxf4 53. Nf5) 50... Qxd5 $15 51. Nxd5 Rg6 $1 52. Nc3 {Hoping for Ne4.} Rxd6 53. b5 h3 (53... Rf6 $17 54. Ne4 Rf5) 54. f4 Rd4 {Weighted Error Value: White=0.58/Black=0.28 (precise)} 1/2-1/2

[Event "Vienna IM February 2022"]
[Site "Vienna"]
[Date "2022.02.10"]
[Round "6.3"]
[White "Peyrer, Konstantin"]
[Black "Kruckenhauser, Arthur"]
[Result "1-0"]
[WhiteElo "2301"]
[BlackElo "2278"]
[Annotator "ChessBase"]
[PlyCount "99"]
[EventDate "2022.02.06"]
[EventType "tourn"]
[EventCountry "AUT"]
[SourceTitle "playchess.com"]
[Source "ChessBase"]
[SourceQuality "1"]
[TimeControl "40/5400+30:1800+30"]

1. d4 {[%emt 0:00:02]} d5 {[%emt 0:03:00]} 2. Nf3 {[%emt 0:00:21]} e6 {[%emt 0:00:45]} 3. g3 {[%emt 0:00:08]} Nf6 {[%emt 0:00:14]} 4. Bg2 {[%emt 0:00:07]} Be7 {[%emt 0:00:03]} 5. c4 {[%emt 0:00:11]} c6 {[%emt 0:00:04]} 6. Qc2 {[%emt 0:00:21]} O-O {[%emt 0:00:13]} 7. O-O {[%emt 0:00:06]} b6 {[%emt 0:00:44]} 8. Bf4 {[%emt 0:01:09]} Nh5 {[%emt 0:04:39]} 9. Bd2 {[%emt 0:00:10]} Nf6 {[%emt 0:02:23]} 10. Ne5 {[%emt 0:02:06]} Nfd7 {[%emt 0:12:47]} 11. Nxd7 {[%emt 0:07:56]} Nxd7 {[%emt 0:00:54]} 12. Nc3 {[%emt 0:00:12]} Ba6 {[%emt 0:06:16]} 13. Qa4 {[%emt 0:00:48]} Bxc4 {[%emt 0:12:19]} 14. b3 {[%emt 0:00:12]} Bb5 {[%emt 0:02:16]} 15. Nxb5 {[%emt 0:00:12]} cxb5 {[%emt 0:00:02]} 16. Qxb5 {[%emt 0:00:10]} Ba3 {[%emt 0:05:24]} 17. Qd3 {[%emt 0:03:31]} Qe7 {[%emt 0:01:07]} 18. e4 {[%emt 0:00:30]} Nf6 {[%emt 0:01:38]} 19. e5 {[%emt 0:00:42]} Nd7 {[%emt 0:08:02]} 20. f4 {[%emt 0:03:19]} Rfc8 {[%emt 0:01:19]} 21. f5 {[%emt 0:02:19]} g6 {[%emt 0:02:35]} 22. fxe6 {[%emt 0:03:45]} fxe6 {[%emt 0:00:28]} 23. Bh6 {[%emt 0:00:19]} Rc6 {[%emt 0:02:34]} 24. Qf3 {[%emt 0:08:35]} Qe8 {[%emt 0:04:02]} 25. Qg4 {[%emt 0:03:35]} Bf8 {[%emt 0:02:13]} 26. Bg5 {[%emt 0:05:22]} Rac8 {[%emt 0:01:49]} 27. Rf2 {[%emt 0:04:00]} Bg7 {[%emt 0:05:55]} 28. Raf1 {[%emt 0:01:55]} Nf8 {[%emt 0:03:17]} 29. h4 {[%emt 0:02:22]} Rc2 {[%emt 0:02:05]} 30. Bh3 {[%emt 0:01:17]} Rxf2 {[%emt 0:01:30]} 31. Rxf2 {[%emt 0:00:07]} Rc7 {[%emt 0:03:56]} 32. Qf4 {[%emt 0:07:18]} Rf7 {[%emt 0:01:25]} 33. Qc1 {[%emt 0:00:07]} Rxf2 {[%emt 0:01:04]} 34. Kxf2 {[%emt 0:00:07]} Qf7+ {[%emt 0:00:55]} 35. Ke2 {[%emt 0:00:21]} Qb7 {[%emt 0:01:03]} 36. a4 {[%emt 0:02:39]} Qa6+ {[%emt 0:01:08]} 37. Ke3 {[%emt 0:02:11]} Qb7 {[%emt 0:01:26]} 38. Qc3 {[%emt 0:05:58]} Qd7 {[%emt 0:02:11]} 39. Ke2 {[%emt 0:04:54]} Kf7 {[%emt 0:02:16]} 40. Ke1 {[%emt 0:01:02]} Kg8 {[%emt 0:00:31]} 41. Bc1 {[%emt 0:31:23]} Qe7 {[%emt 0:14:46]} 42. b4 {[%emt 0:00:00]} Qf7 {[%emt 0:07:33]} 43. b5 {[%emt 0:00:00]} Kh8 {[%emt 0:00:35]} 44. Ba3 {[%emt 0:00:00]} g5 {[%emt 0:00:38]} 45. hxg5 {[%emt 0:00:00]} Qh5 {[%emt 0:00:40]} 46. Bxf8 {[%emt 0:00:00]} Qxh3 {[%emt 0:02:07]} 47. Bxg7+ {[%emt 0:00:00]} Kxg7 {[%emt 0:00:06]} 48. Qf3 {[%emt 0:00:00]} Kg6 {[%emt 0:01:38]} 49. Qf6+ {[%emt 0:00:00]} Kh5 {[%emt 0:00:15]} 50. Qh6+ {[%emt 0:00:00]} 1-0